02696cam a22003138i 450000100090000000300090000900500170001800800410003502000180007604000330009408200200012710000300014724500620017726400520023930000490029133600260034033700280036633800270039450400510042152014330047265000590190565300220196465500240198677601330201090600450214394200120218899900170220095201650221721425616EG-ScBUE20211216144539.0200210s2020 enka f b 001 0 eng d a9780367134013 aDLCbengerdacDLCdEG-ScBUE04a747.07bADA2221 aAdams, Roderick,eauthor.10aInterior design :ba global profession /cRoderick Adams. 1aAbingdon, Oxon ;aNew York :bRoutledge,c2020. axv, 271 pages :bcolor illustration ;c30 cm atextbtxt2rdacontent aunmediatedbn2rdamedia avolumebnc2rdacarrier aIncludes bibliographical references and index. a"As the globe shrinks and the concept of distance diminishes, this text challenges the current status quo by identifying the cohesions and specialisations of design communities across the continents. It sets out an international spatial design landscape, identifying and contouring global design practice and design hotspots from a range of case studies, interviews and design practice perspectives. Using a range of interior environments, the chapters link the origins, trends and perceptions of the interior to create new insight into trans-global design. The book expands, but also coheres the interior design discipline to ensure the subject continues to grow, develop and influence the inhabitations of the world. The book features a wealth of pedagogical elements including: Beautifully designed with over 120 full colour illustrations, photographs and examples of design work maps and diagrams which highlight hotspots of design across the globe, providing strong graphic information interview panels featuring professional insights from designers across the globe 'Employability' boxes, providing a good tips guide for students gaining employment across the globe 'International Dimension' boxes which strengthen the scholarship of studying interior design in a globalised way Design Oddities' box which brings into focus any new or contextual facts that help contextualise the global interior"--cProvided by publisher. 7aInterior decorationxStudy and teaching.2BUEsh941532 bARTcDecember2021 vReading book93423208iOnline version:aAdams, Roderick.tInterior designdAbingdon, Oxon ; New York : Routledge, 2020z9780429026225w(DLC) 2020004595 a7bcbccorignewd1eecipf20gy-gencatlg 2ddccBB c29721d29692 00102ddc40708BaccahaMAINbMAINc2NDd2021-12-16ePurchaseg650.00h36272l1o747.07 ADAp000056048r2025-12-02 00:00:00s2022-09-27v812.50w2021-12-16yBB